Eastern Utah Libraries Catalog: Duchesne, Heber, Roosevelt, & Vernal

The butler : (Record no. 367105)

MARC details
000 -LEADER
fixed length control field 01915pam a2200361 i 4500
001 - CONTROL NUMBER
control field BK0027661687
003 - CONTROL NUMBER IDENTIFIER
control field DLC
005 - DATE AND TIME OF LATEST TRANSACTION
control field 20211029164311.0
008 - FIXED-LENGTH DATA ELEMENTS--GENERAL INFORMATION
fixed length control field 200427s2021 nyu 000 1 eng
010 ## - LIBRARY OF CONGRESS CONTROL NUMBER
LC control number 2020018985
020 ## - INTERNATIONAL STANDARD BOOK NUMBER
International Standard Book Number 9781984821522 : HRD
Terms of availability 28.99
020 ## - INTERNATIONAL STANDARD BOOK NUMBER
International Standard Book Number 1984821520 : HRD
Terms of availability 28.99
Qualifying information (hardcover : acid-free paper)
Cancelled/invalid ISBN 9781984821539
Qualifying information (ebook)
037 ## - SOURCE OF ACQUISITION
Source of stock number/acquisition Random House Inc, Attn Order Entry 400 Hahn rd, Westminster, MD, USA, 21157
Note SAN 201-3975
040 ## - CATALOGING SOURCE
Original cataloging agency DLC
Language of cataloging eng
Description conventions rda
Transcribing agency DLC
Modifying agency GCmBT
-- NjBwBT
050 00 - LIBRARY OF CONGRESS CALL NUMBER
Classification number PS3569.T33828
Item number B88 2021
082 00 - DEWEY DECIMAL CLASSIFICATION NUMBER
Classification number 813/.54
Edition number 23
092 ## - LOCALLY ASSIGNED DEWEY CALL NUMBER (OCLC)
Classification number 813.5400
100 1# - MAIN ENTRY--PERSONAL NAME
Personal name Steel, Danielle,
Relator term author.
245 14 - TITLE STATEMENT
Title The butler :
Remainder of title a novel /
Statement of responsibility, etc Danielle Steel.
250 ## - EDITION STATEMENT
Edition statement First edition.
264 #1 - Production, Publication, Distribution, Manufacture, and Copyright Notice.
Place of production, publication, distribution, manufacture New York :
Name of producer, publisher, distributor, manufacturer Delacorte Press,
Date of production, publication, distribution, manufacture, or copyr [2021]
300 ## - PHYSICAL DESCRIPTION
Extent 257 pages ;
Dimensions 25 cm
336 ## - Content Type
Content type term text
337 ## - Media type
Media type term unmediated
338 ## - Carrier type
Carrier type term volume
520 ## - SUMMARY, ETC.
Summary, etc "The moment the plane touched down at Ministro Pistorini Airport in Buenos Aires, Joachim von Hartmann knew in every fiber of his being that he was home. It was almost as if his heart and soul, and even his body, knew it. He had left as a boy of seventeen, twenty-five years before, when he moved to France with his mother, and new French stepfather. Eight years later, he went to England on a lark, which turned into a worthy career for the past seventeen years. His roots are now firmly planted in Europe, but he realized as he breathed the air of Buenos Aires that his heart had remained here"--
-- Provided by publisher.
650 #0 - SUBJECT ADDED ENTRY--TOPICAL TERM
Topical term or geographic name as entry element Twins
Form subdivision Fiction.
9 (RLIN) 5674236
650 #0 - SUBJECT ADDED ENTRY--TOPICAL TERM
Topical term or geographic name as entry element Criminals
Form subdivision Fiction.
9 (RLIN) 5695356
650 #0 - SUBJECT ADDED ENTRY--TOPICAL TERM
Topical term or geographic name as entry element Butlers
Form subdivision Fiction.
9 (RLIN) 5766832
650 #0 - SUBJECT ADDED ENTRY--TOPICAL TERM
Topical term or geographic name as entry element Man-woman relationships
Form subdivision Fiction.
9 (RLIN) 5674079
776 08 - ADDITIONAL PHYSICAL FORM ENTRY
Display text Online version:
776 08 - ADDITIONAL PHYSICAL FORM ENTRY
Main entry heading Steel, Danielle.
Title Butler
Edition First edition.
Place, publisher, and date of publication New York : Delacorte Press, [2021]
International Standard Book Number 9781984821539
Record control number (DLC) 2020018986
Holdings
Withdrawn status Lost status Source of classification or shelving scheme Damaged status Not for loan Collection code Home library Current library Shelving location Date acquired Source of acquisition Total Checkouts Total Renewals Full call number Barcode Date last seen Date checked out Cost, replacement price Price effective from Koha item type
    Dewey Decimal Classification     Fiction Wasatch County Library Wasatch County Library First Floor 12/06/2021 Donation 11 8 F Steel 34301001873654 10/06/2025 09/26/2025 28.99 12/06/2021 BOOK
This project was made possible through a grant from the Institute of Museum and Library Service administered by the Utah State Library Division.

Wasatch County Library

  • 465 East 1200 South, Heber City, Utah 84032
  • Phone 435-654-1511 | Fax 435-654-6456

Hours

  • Monday - Friday 9:30 AM - 8:00 PM
  • Saturday 9:30 AM - 1:30 PM
  • Closed Sundays and Holidays